000
00463nam a2200145Ia 4500
008
100204s9999 xx 000 0 und d
082
_b
18993
100
_a
वाईकर गजानन
245
_a
न्यायमूर्ती
260
_b
"सूर्याक्षर विविधा, पुणे"
_c
1996
300
_a
92
630
_a
न्यायमूर्ती
730
_a
न्यायमूर्ती
942
_c
BOOK
999
_c
463416
_d
463413